| 000 | 00543nam a2200205Ia 4500 | ||
|---|---|---|---|
| 005 | 20260525125141.0 | ||
| 008 | 131103s9999 xx 000 0 und d | ||
| 040 | _aLoreto College | ||
| 041 | _aEnglish | ||
| 082 |
_a820.9 _bLIT-BAU |
||
| 245 | 2 |
_aA Literary history of England _cedited by Albert C. Baugh |
|
| 260 |
_aLondon _bRoutledge _c1948 |
||
| 300 | _a1672 p. | ||
| 504 | _aIncludes index | ||
| 650 | _aEnglish Literature | ||
| 651 | _aHistory and Criticism | ||
| 700 | _aBaugh, Albert C., ed. | ||
| 850 | _aLCLIB | ||
| 942 | _cBK | ||
| 999 |
_c7294 _d57773 |
||